000 00908cam a2200253 4500
008 #DATE n1999 000 0 eng u
020 _a1900858363
035 _a(Sirsi) u118747
041 _aeng
050 _a333.72
110 _aBuilding Maintenance Information
_93229
245 _aEnergy benchmarking in the retail sector
260 _aLondon
_bBMI
_c1999
300 _a20p. ; 30cm.
490 _aBMI Special Report
_v281 Serial
520 _aThis item is part of a subscription service and cannot be photocopied. Neither can any part of it be read out over the phone. Please contact BMI direct on 020-222-7000 for details.
650 _aBENCHMARKING
650 _aRETAIL PROPERTY
650 _aENERGY CONSUMPTION
650 _aENERGY COSTS
690 _aENVIRONMENTAL AND LAND CONSULTANCY-ENERGY
710 _aDepartment for Environment, Transport and the Regions
_94203
942 _n0
999 _c102174
_d102174